Hongkong: deštníkový pat

Hongkong - administratívna oblasť Číny od 1. júla 1997. Dáždnikové hnutie - dve skupiny aktivistov. Čo bude ďalej.

Guardado en:
Detalles Bibliográficos
Autor principal: Andělová, Petra
Otros Autores: Grünwald, Richard
Formato: Capítulo de libro
Lenguaje:checo
Materias:
Etiquetas: Agregar Etiqueta
Sin Etiquetas, Sea el primero en etiquetar este registro!

MARC

LEADER 00000nla a2200000 4500
001 0196654
005 20240417075053.0
041 0 |a cze 
044 |a CZ 
245 1 0 |a Hongkong: deštníkový pat  |c Petra Andělová, Richard Grünwald 
520 |a Hongkong - administratívna oblasť Číny od 1. júla 1997. Dáždnikové hnutie - dve skupiny aktivistov. Čo bude ďalej. 
610 2 0 |a politika vnútorná 
610 2 0 |a demonštrácie 
610 2 0 |a študenti 
610 2 0 |a legislatíva 
610 2 0 |a voľby 
610 2 0 |a Hongkong 
610 2 0 |a Čína 
100 1 |a Andělová, Petra 
700 1 |a Grünwald, Richard